Encyclopaedia of management information system (Record no. 585389)
[ view plain ]
| 000 -LEADER | |
|---|---|
| fixed length control field | 00489nam a22001817a 4500 |
| 003 - CONTROL NUMBER IDENTIFIER | |
| control field | CEME |
| 005 - DATE AND TIME OF LATEST TRANSACTION | |
| control field | 20210628210654.0 |
| 008 - FIXED-LENGTH DATA ELEMENTS--GENERAL INFORMATION | |
| fixed length control field | 210211b xxu||||| |||| 00| 0 eng d |
| 020 ## - INTERNATIONAL STANDARD BOOK NUMBER | |
| International Standard Book Number | 81-261-0321-1 |
| 040 ## - CATALOGING SOURCE | |
| Transcribing agency | . |
| 082 ## - DEWEY DECIMAL CLASSIFICATION NUMBER | |
| Classification number | 658.4038 CHA |
| 100 ## - MAIN ENTRY--PERSONAL NAME | |
| Personal name | Chaudhary, A.K |
| 9 (RLIN) | 80462 |
| 245 ## - TITLE STATEMENT | |
| Title | Encyclopaedia of management information system |
| 250 ## - EDITION STATEMENT | |
| Edition statement | 2 VOLS |
| 260 ## - PUBLICATION, DISTRIBUTION, ETC. | |
| Place of publication, distribution, etc. | NEW DELHI |
| Name of publisher, distributor, etc. | ANMOL PUBLICATION |
| Date of publication, distribution, etc. | 1999 |
| 650 ## - SUBJECT ADDED ENTRY--TOPICAL TERM | |
| Topical term or geographic name entry element | MANAGEMENT INFORMATION SYSTEM MIS |
| 9 (RLIN) | 66200 |
| 942 ## - ADDED ENTRY ELEMENTS (KOHA) | |
| Koha item type | Book |
| Source of classification or shelving scheme | |
| Withdrawn status | Lost status | Damaged status | Not for loan | Permanent Location | Current Location | Shelving location | Date acquired | Total Checkouts | Full call number | Barcode | Date last seen | Price effective from | Koha item type |
|---|---|---|---|---|---|---|---|---|---|---|---|---|---|
| College of Electrical & Mechanical Engineering (CEME) | College of Electrical & Mechanical Engineering (CEME) | Reference | 07/07/2017 | 658.4038 CHA | CEME-34662 | 06/28/2021 | 06/28/2021 | Book | |||||
| College of Electrical & Mechanical Engineering (CEME) | College of Electrical & Mechanical Engineering (CEME) | Reference | 07/07/2017 | 658.4038 CHA | CEME-34663 | 06/28/2021 | 06/28/2021 | Book |
